000
00387nam a22001097a 4500
082
_a
100
100
_a
आर्य, अमरेन्द कुमार
_9
83847
245
_a
स्वामी विवेकानंद का संवाद कौशल
260
_a
दिल्ली
_b
अनिल प्रकाशन
_c
2025
650
_a
दर्शन
942
_c
BK
999
_c
68840
_d
68840